El alma de San Agustín / (Record no. 186996)

MARC details
000 -LEADER
campo de control de longitud fija 00767nam a2200229 i 4500
001 - NÚMERO DE CONTROL
campo de control 186996
003 - IDENTIFICADOR DE NÚMERO DE CONTROL
campo de control SpMaBN
005 - FECHA Y HORA DE LA ÚLTIMA TRANSACCIÓN
campo de control 20250824230756.0
008 - DATOS DE LONGITUD FIJA--INFORMACIÓN GENERAL
campo de control de longitud fija 170324s1986 sp |||| |bspa d
020 ## - NÚMERO INTERNACIONAL ESTÁNDAR DEL LIBRO
Número Internacional Estándar del Libro 84-321-2315-3
080 ## - NÚMERO DE LA CLASIFICACIÓN DECIMAL UNIVERSAL
Número de la Clasificación Decimal Universal 929 Agustín, Santo
100 1# - ENTRADA PRINCIPAL--NOMBRE DE PERSONA
Nombre de persona Guilloux, Pierre.
9 (RLIN) 162162
245 13 - MENCIÓN DEL TÍTULO
Título El alma de San Agustín /
Mención de responsabilidad, etc. Pedro Guilloux.
260 ## - PUBLICACIÓN, DISTRIBUCIÓN, ETC.
Lugar de publicación, distribución, etc. Madrid :
Nombre del editor, distribuidor, etc. Rialp,
Fecha de publicación, distribución, etc. [1986]
300 ## - DESCRIPCIÓN FÍSICA
Extensión 332 p. ;
Dimensiones 19 cm.
490 1# - MENCIÓN DE SERIE
Mención de serie Patmos, libros de espiritualidad ;
Designación de volumen o secuencia 185
500 ## - NOTA GENERAL
Nota general Cronología.
600 07 - PUNTO DE ACCESO ADICIONAL DE MATERIA--NOMBRE DE PERSONA
Nombre de persona Agustín
Títulos y otros términos asociados al nombre Santo, Obispo de Hipona-
Subdivisión general Biografías.
9 (RLIN) 18920
830 00 - PUNTO DE ACCESO ADICIONAL DE SERIE-TÍTULO UNIFORME
Título uniforme Patmos (Rialp)
Designación de volumen o secuencia 185
9 (RLIN) 181154
852 ## - LOCALIZACIÓN
Ubicación ES-MaACL
Número de control de estantería L-31314
Nota libre . - Donat. herederos de la bibl. de Mª del Pilar Costa Palacín
Holdings
Estatus retirado Estado de pérdida Estado de daño No para préstamo Biblioteca de origen Biblioteca actual Ubicación en estantería Fecha de adquisición Fuente de adquisición Total de préstamos Signatura topográfica completa Código de barras Visto por última vez Precio de reemplazo Tipo de ítem Koha
        Biblioteca del Ateneo de Madrid Biblioteca del Ateneo de Madrid Depósito 2 24/03/2017     L-31314 1197272 23/02/2023 23/02/2023 Libro impreso